Images That Start with 'M' Quiz Stats

Quiz Updated Nov 8, 2017

Challenge
Share
Tweet
Score 0/20 Timer 04:00
0 Plays Today
% Correct
marshmallows
93.1%
mallet
85.7%
Mexico
85.1%
mangoes
82.9%
mistletoe
80.4%
moccasins
78.4%
maracas
78.2%
mussels
77.9%
monorail
73.9%
meerkat
72.3%
% Correct
manatee
72.3%
mosaic
72.2%
millipede
71.5%
mobile
66.9%
magazine
65.4%
mortar (and pestle)
64.7%
mercury
64.1%
Massachusetts
56.3%
marmalade
55%
marigold
47.8%

You're not logged in!

Compare scores with friends on all Sporcle quizzes.
Sign Up with Email
OR
Log In

You Might Also Like...

Show Comments

Extras

Top Quizzes Today


Score Distribution

Your Account Isn't Verified!

In order to create a playlist on Sporcle, you need to verify the email address you used during registration. Go to your Sporcle Settings to finish the process.